ILMUWAN DAN BAHASA INDONESIA : (Record no. 183968)

MARC details
000 -LEADER
fixed length control field 00874nam a22002651i 4500
003 - CONTROL NUMBER IDENTIFIER
control field OSt
005 - DATE AND TIME OF LATEST TRANSACTION
control field 20210517115335.0
008 - FIXED-LENGTH DATA ELEMENTS--GENERAL INFORMATION
fixed length control field 210517t19881988io gr 000 0 may d
020 ## - INTERNATIONAL STANDARD BOOK NUMBER
International Standard Book Number 97980012910
Qualifying information paperback
040 ## - CATALOGING SOURCE
Original cataloging agency PPAK
Language of cataloging eng
Transcribing agency PPAK
Description conventions rda
082 04 - DEWEY DECIMAL CLASSIFICATION NUMBER
Classification number 808.006
Edition number 23
090 ## - LOCALLY ASSIGNED LC-TYPE CALL NUMBER (OCLC); LOCAL CALL NUMBER (RLIN)
Classification number (OCLC) (R) ; Classification number, CALL (RLIN) (NR) 808.006
Feature heading ILM
Feature heading KAO
245 10 - TITLE STATEMENT
Title ILMUWAN DAN BAHASA INDONESIA :
Remainder of title Menyambut 60 tahun Sumpah Pemuda /
Statement of responsibility, etc. Disusun oleh Adjat Sakri.
246 33 - VARYING FORM OF TITLE
Title proper/short title Ilmuwan dan Bahasa Indonesia :
Remainder of title Menyambut 60 tahun sumpah pemuda 1928 - 1988.
264 #1 - PRODUCTION, PUBLICATION, DISTRIBUTION, MANUFACTURE, AND COPYRIGHT NOTICE
Place of production, publication, distribution, manufacture Bandung, Jakarta :
Name of producer, publisher, distributor, manufacturer Penerbit ITB,
Date of production, publication, distribution, manufacture, or copyright notice 1988
Date of production, publication, distribution, manufacture, or copyright notice ©1988
300 ## - PHYSICAL DESCRIPTION
Extent 8a, 260 pages :
Other physical details illustrations ;
Dimensions 21 cm
336 ## - CONTENT TYPE
Content type term text
Source rdacontent
337 ## - MEDIA TYPE
Media type term unmediated
Source rdamedia
338 ## - CARRIER TYPE
Carrier type term volume
Source rdacarrier
650 10 - SUBJECT ADDED ENTRY--TOPICAL TERM
Topical term or geographic name entry element Academic writing
Topical term or geographic name entry element Creative writing
700 1# - ADDED ENTRY--PERSONAL NAME
Personal name Sakri, Adjat,
Relator term compiler.
942 ## - ADDED ENTRY ELEMENTS (KOHA)
Source of classification or shelving scheme Dewey Decimal Classification
Koha item type Book
Holdings
Withdrawn Not for loan Current library Shelving location Date acquired Total Checkouts Full call number Barcode Date last seen Koha item type
  Not For Loan Perpustakaan Jitra Koleksi Asmah Haji Omar 06/09/2021   KAO 808.006 ILM KAO000400 06/09/2021 Book